| 000 | 01295nam a22002537a 4500 | ||
|---|---|---|---|
| 005 | 20110329165129.0 | ||
| 008 | 110329t xxu||||| |||| 00| 0 mar d | ||
| 010 | _aMAR-20672 | ||
| 020 |
_a9789380361260 _c150.00 |
||
| 035 | _aMR-13330 | ||
| 037 | _bDBAD / PUB | ||
| 040 |
_aDPL _bMR |
||
| 082 | _a891.4608 | ||
| 100 |
_aलागू,श्रीकांत _926818 |
||
| 245 |
_aकोंदण: _cश्रीकांत लागू :अशोक जैन द्वारा संपादित _bविविधानुभवांची रंगदंगल |
||
| 246 |
_aKondan _bby Sreekant Lagu |
||
| 260 |
_aपुणे _bरोहन प्रकाशन _c2010 |
||
| 270 |
_aधवलगिरी अपार्टमेन्ट्स शॉप 5 व 6 430,शनिवार पेठ पोलिस चौकीसमोर _bपुणे _e411030 |
||
| 300 |
_aदहा ,168,पृ _c22 सेमी ( अजिल्द) |
||
| 700 |
_926819 _aजैन,अशोक |
||
| 700 | _926848 | ||
| 942 |
_2ddc _cMR _h891.4608 _mलागूश्री |
||
| 999 |
_c51315 _d51315 |
||